Project Runway Season 9 - Statistics

General Stats
  • This quiz has been taken 119 times
  • The average score is 13 of 16
Answer Stats
Place Finished Designer % Correct
7th place Anthony Ryan Auld
100%
Winner Anya Ayoung-Chee
100%
6th place Bert Keeter
100%
11th place Joshua Christensen
100%
Runner Up Joshua McKinley
100%
4th place Kimberly Goldson
100%
8th place Olivier Green
100%
3rd place Viktor Luna
100%
5th place Laura Kathleen Planck
80%
10th place Becky Ross
60%
9th place Bryce Black
60%
13th place Cecilia Motwani
60%
12th place Danielle Everine
60%
15th place Fallene Wells
60%
14th place Julie Tierney
60%
16th place Rafael Cox
40%
No matching quizzes found
Score Distribution
Percent of People with Each Score
Percentile by Number Answered
Your Score History
You have not taken this quiz